Ministerpräsidenten nach Hinweis - Statistiken

Allgemein
  • Dieses Quiz wurde 15 mal gespielt
  • Das Durchschnittsergebnis liegt bei 10 aus 16
Antwortstatistiken
Amtsantritt Geburtsjahr Stellvertreter/in Politiker/in % Korrekt
2018 1967 Hubert Aiwanger Markus Söder
93%
2023 1972 Franziska Giffey Kai Wegner
80%
2021 1975 Mona Neubaur Hendrik Wüst
73%
2024 1973 Katharina Binz Alexander Schweitzer
67%
2022 1972 Kaweh Mansoori Boris Rhein
67%
2017 1975 Petra Köpping Michael Kretschmer
67%
2011 1948 Thomas Strobl Winfried Kretschmann
67%
2022 1976 Jürgen Barke Anke Rehlinger
60%
2013 1961 Robert Crumbach Dietmar Woidke
60%
2018 1966 Katharina Fegebank Peter Tschentscher
60%
2017 1973 Aminata Touré Daniel Günther
53%
2017 1974 Simone Oldenburg Manuela Schwesig
53%
2025 1967 Julia Hamburg Olaf Lies
53%
2011 1954 Armin Willingmann Reiner Haseloff
53%
2019 1965 Björn Fecker Andreas Bovenschulte
47%
2024 1977 Katja Wolf Mario Voigt
47%
Keine übereinstimmenden Quizze gefunden
Verteilung der Resultate
Anzahl Personen mit jedem Resultat
Perzentil nach korrekt beantworteten Fragen
Ihre Resultats-Entwicklung
Sie haben dieses Quiz noch nicht gespielt